000 00475cam a2200145 4500500
005 20260329012306.0
041 _afre
042 _adc
100 1 0 _aSibony, Judith
_eauthor
245 0 0 _aS’abandonner avec Camille Laurens
260 _c2024.
500 _a94
786 0 _nRevue des deux Mondes | Juillet-Août | 5 | 2024-07-01 | p. 108-112 | 2266-4734
856 4 1 _uhttps://shs.cairn.info/revue-revue-des-deux-mondes-2024-5-page-108?lang=fr&redirect-ssocas=7080
999 _c1869675
_d1869675